000 00670nam a2200241Ia 4500
003 OSt
005 20221006141848.0
006 a|||||r|||| 00| 0
007 ta
008 221006b |||||||| |||| 00| 0 eng d
024 _a4,510
037 _cTextual
040 _aEASL
_cEASL
_beng
041 _2eng
_aeng
082 _aA0bY:6.1.N12, K9
100 _aNEEDHAM J
_9370924
245 0 _aGrand titration Science and society in East and West
260 _aNA
_bGeorge Allen & Unwin
_c1969
300 _a356p.
_ccm.
700 _a NEEDHAM Joseph
942 _hA0bY:6.1.N12, K9
_cTEXL
_2CC
999 _c1072596
_d1072596